La Industrial + : Por un recinto de la Escuela Industrial más verde, más sostenible y más abierto a la ciudadanía y a la innovación Por un recinto de la Escuela Industrial más verde, más sostenible y más abierto a la ciudadanía y a la innovación
MARC
| LEADER | 00000nam a22000007a 4500 | ||
|---|---|---|---|
| 001 | 28423 | ||
| 003 | AGDB | ||
| 005 | 20260324181522.0 | ||
| 008 | 240311b spa||||| |||| 00| 0 cat d | ||
| 017 | |a B 18216-2023 | ||
| 040 | |a agdb |b cat | ||
| 041 | |a spa | ||
| 240 | |a La Industrial + : Per un recinte de l'Escola Industrial més verd, més sostenible i més obert a la ciutadania i a la innovació |l [castellà] | ||
| 245 | |a La Industrial + : |b Por un recinto de la Escuela Industrial más verde, más sostenible y más abierto a la ciudadanía y a la innovación | ||
| 260 | |a Barcelona : |b Diputació de Barcelona ; |c 2023 | ||
| 300 | |a [34] pàgs. ; |b Il·lustracions color ; |c 21 x 30 cm | ||
| 546 | |a També en català (R. 28413) | ||
| 650 | 0 | |a Recinte de l'Escola Industrial (Barcelona) |v Projectes |9 70587 | |
| 655 | 0 | |a Fulletons |9 55858 | |
| 710 | 1 | |a Barcelona (Catalunya : Província). |b Diputació |9 52408 | |
| 856 | |u https://www.diba.cat/documents/348551718/404202347/WEB_La+Industrial_projecte_CAST_A4_26-9-23.pdf/cbc0edee-1c99-cb04-edf3-1effb26f3b1f?t=1705663569137 |y Accés lliure (Portal La Industrial +) | ||
| 942 | |2 udc |c ARXIU |n 1 | ||
| 952 | |0 0 |1 0 |4 0 |6 FU7671 |7 1 |9 96831 |a Arxiu |b Arxiu |d 2024-03-11 |l 0 |o FU-76-71 |p 28423 |r 2024-03-11 00:00:00 |w 2024-03-11 |y ARXIU | ||
| 999 | |c 128668 |d 128668 | ||